In times of siege / (Record no. 125663)

MARC details
000 -LEADER
fixed length control field 00732nam a22002537a 4500
003 - CONTROL NUMBER IDENTIFIER
control field dpl
005 - DATE AND TIME OF LATEST TRANSACTION
control field 20180728151145.0
008 - FIXED-LENGTH DATA ELEMENTS--GENERAL INFORMATION
fixed length control field 180728b xxu||||| |||| 00| 0 eng d
010 ## - LIBRARY OF CONGRESS CONTROL NUMBER
LC control number B-214423
020 ## - INTERNATIONAL STANDARD BOOK NUMBER
Terms of availability 225.00
International Standard Book Number 0143032429
020 ## - INTERNATIONAL STANDARD BOOK NUMBER
Terms of availability 225.00
International Standard Book Number 9780143032427
035 ## - SYSTEM CONTROL NUMBER
System control number B-214423, B-214442
037 ## - SOURCE OF ACQUISITION
Source of stock number/acquisition Cen Lib/Ret
040 ## - CATALOGING SOURCE
Original cataloging agency DPL
Language of cataloging EN
Transcribing agency 0
082 ## - DEWEY DECIMAL CLASSIFICATION NUMBER
Classification number N
Item number HAR
100 ## - MAIN ENTRY--PERSONAL NAME
Personal name Hariharan, Githa
9 (RLIN) 15097
245 ## - TITLE STATEMENT
Title In times of siege /
Statement of responsibility, etc by Githa Hariharan
260 ## - PUBLICATION, DISTRIBUTION, ETC. (IMPRINT)
Place of publication, distribution, etc New Delhi
Name of publisher, distributor, etc Penguin Books
Date of publication, distribution, etc 2003
270 ## - ADDRESS
City New Delhi
Address 11 Community Centre, Panchsheel Park
Postal code 110017
300 ## - PHYSICAL DESCRIPTION
Extent 206p. :
Dimensions 20cm(pbk)
650 ## - SUBJECT ADDED ENTRY--TOPICAL TERM
Topical term or geographic name as entry element English Fiction
9 (RLIN) 30040
650 ## - SUBJECT ADDED ENTRY--TOPICAL TERM
Topical term or geographic name as entry element English Literature
9 (RLIN) 30041
942 ## - ADDED ENTRY ELEMENTS (KOHA)
Source of classification or shelving scheme Dewey Decimal Classification
Koha item type English Books
Classification part N
Call number suffix HAR
Holdings
Withdrawn status Lost status Damaged status Not for loan Home library Current library Date acquired Source of acquisition Cost, normal purchase price Total Checkouts Total Renewals Full call number Barcode Date last seen Date checked out Copy number Cost, replacement price Price effective from Koha item type Source of classification or shelving scheme Collection code
        Central Library Central Library 22/06/2015 Cen Lib/Ret 225.00 6 5 N HAR B-214423 03/10/2025 21/08/2025 1 225.00 22/06/2015 English Books    
        Central Library Central Library 05/10/2016   225.00     N HAR B-077545 05/10/2016   2 225.00 05/10/2016 English Books Dewey Decimal Classification  
        Shahdara Branch Shahdara Branch 28/07/2018 BPPD/PUB 225.00 3 2 N HAR B-214442 07/07/2025 23/06/2025   225.00 28/07/2018 English Books Dewey Decimal Classification Fiction

© Delhi Public Library
Hit Counter
free hit counter